000 00332 a2200157 4500
001 47885
020 _a978-85-7406-585-4
040 _cAnchieta - Aquarius
100 _aSolotareff, Grégorie
240 1 0 _aLolô
_lpor
245 1 0 _aLolô
300 _a32
362 0 _a2013
650 4 _aLiteratura infanto-juvenil
942 _cBK
999 _c47885
_d47885